| 000 | 01329nam a22002417a 4500 | ||
|---|---|---|---|
| 005 | 20241126105324.0 | ||
| 008 | 241126b ||||| |||| 00| 0 eng d | ||
| 020 | _a9789389995893 | ||
| 040 | _cAL | ||
| 041 | _aeng | ||
| 082 |
_223 _a658.409 _bHANT |
||
| 100 |
_aHolly Reisem Hanna _9186569 |
||
| 245 | _aTime Management in Twenty Minutes a Day | ||
| 260 |
_aMumbai _bEmbassy Books _c2023 |
||
| 300 |
_axii,115p. _bPB _c21x14cm. |
||
| 365 |
_2Psychology _aCCX2-1389031 _b218.00 _c₹ _d218.00 _e- _f15-11-2024 |
||
| 520 | _aNo-nonsense time management in no time. Learning to manage your time doesn’t have to take a lot time. Filled with practical advice for everybody, Time Management in 20 Minutes a Day makes increasing your productivity and getting the most out of every day a snap. Sprinkled with bite-sized lessons and personal anecdotes, Time Management in 20 Minutes a Day introduces strategic changes geared to help you improve your daily life. From obsessing over emails to hunting through clutter to mismanaging meetings—learn how to stop doing all the little things you didn’t even realize were wasting so much of your time. | ||
| 650 |
_aOrganize and Order _9186570 |
||
| 650 |
_aManage Meetings _9186571 |
||
| 650 |
_aSet Daily Goals _9186572 |
||
| 700 |
_aHANNA (Holly Reisem) _9186573 |
||
| 942 |
_2ddc _cBK |
||
| 999 |
_c232000 _d232000 |
||